LIBRARY & INFORMATION CENTRE, KCAET, TAVANUR

ONLINE PUBLIC ACCESS CATALOGUE (OPAC)

Beowulf :The oldest epic (Record no. 615)

MARC details
000 -LEADER
fixed length control field 00328cam a2200145ua 4500
041 ## - LANGUAGE CODE
Language code of text/sound track or separate title eng
082 ## - DEWEY DECIMAL CLASSIFICATION NUMBER
Classification number 821
Item number KEN/BE
100 ## - MAIN ENTRY--AUTHOR NAME
Personal name Kennedy, Charles W .
245 00 - TITLE STATEMENT
Title Beowulf :The oldest epic
260 ## - PUBLICATION, DISTRIBUTION, ETC. (IMPRINT)
Place of publication London :
Name of publisher Oxford university press ,
Year of publication 1962.
300 ## - PHYSICAL DESCRIPTION
Number of Pages 121 ; .
942 ## - ADDED ENTRY ELEMENTS (KOHA)
Koha item type Books
Holdings
Withdrawn status Lost status Damaged status Home library Current library Date acquired Cost, normal purchase price Full call number Accession Number Koha item type Public note
Withdrawn     KAUAET Malayalam University 07/04/2012 28.00 821 6657 Books Transferred to Malayalam University
free website counter